LEADER 01134nam a2200241 i 4500 001 000000088134 003 CaOOAMICUS 005 20150126000000.0 008 150126s1987 it u000 u ita u 013 $a60374 040 $aSeMil$bita 100 1 $aAmbrosioni, Annamaria,$d<1944-2002>.$0(OLS)http://semarc/name/19002 245 14$a[Il Sacro Romano Impero ; La riforma gregoriana /$cAnna Maria Ambrosioni. 260 $aMilano :$bs.n.,$c1987] 300 $a24 p. ;$c22 cm. 490 0 $aTemi di storia della Chiesa. Corso di aggiornamento teologico 1986-1987, Milano ;$v7.-8 650 4$aImpero carolingio <800-887>.$0(OLS)http://semarc/subject/7654 650 4$aRiforma gregoriana.$0(OLS)http://semarc/subject/11118 830 0$aTemi di storia della Chiesa. Corso di aggiornamento teologico 1986-1987, Milano ;$v7.-8.$0(OLS)http://semarc/title/33423 850 $aSeMil 852 $aSeMil$W1$xVenegono$y1$m5B III 18/28$j51494$B51494$CSeMilBibl$Z2$F55733 $81 996 $6245$a[Il Sacro Romano Impero ; La riforma gregoriana$9(OLS)http://semarc/title/134094 996 $6260$aMilano :$bs.n.$9(OLS)http://semarc/publisher/39701 LEADER 01248nam a2200277 i 4500 001 000000209686 003 CaOOAMICUS 005 20111223000000.0 008 111223s2011 it u000 u ita u 013 $a188477 020 $a978-88-89094-68-6 040 $aSeMil$bita 100 1 $aStagnitta, Antonino <1934->.$0(OLS)http://semarc/name/6146 245 12$aL'anima e i suoi prodotti :$bda Darwin giurassico a Platone celeste /$cAntonino Stagnitta. 260 $aNapoli :$bEDI, Editrice Domenicana Italiana,$c2011. 300 $a379 p. ;$c21 cm. 490 0 $aNuovissima scolastica ;$v1 650 4$aAnima - Filosofia.$0(OLS)http://semarc/subject/2216 650 4$aAnima e corpo.$0(OLS)http://semarc/subject/13297 830 0$aNuovissima scolastica ;$v1.$0(OLS)http://semarc/title/17207 850 $aSeMil 852 $aSeMil$W1$xVenegono$y1$m2D IV 292$j160137$B160137$CSeMilBibl$Z2$F172015 $81 961 $aOmaggio per recensione: Scuola Cattolica 996 $6020$a978-88-89094-68-6$9(OLS)http://semarc/number/204420 996 $6245$aL'anima e i suoi prodotti :$bda Darwin giurassico a Platone celeste$9(OLS)http://semarc/title/303087 996 $6260$aNapoli :$bEDI, Editrice Domenicana Italiana$9(OLS)http://semarc/publisher/31336